[Event "AN PASAN Sofia - ALCOR Bucuresti"]
[Site "Vonesta Voda"]
[Date "2016.12.29"]
[Round "6.1"]
[White "Schiopu, Andreea-Alexandra"]
[Black "Lenkova, Lyubomira"]
[Result "1-0"]
[WhiteElo "1620"]
[BlackElo "1260"]
[PlyCount "57"]
[EventDate "2016.12.26"]
[EventType "schev"]
[EventRounds "6"]
[EventCountry "BUL"]

1. d4 d5 2. c4 c6 3. cxd5 cxd5 4. Nf3 Nf6 5. Nc3 Nc6 6. Bf4 e6 7. e3 Bd6 8. Bg5
O-O 9. Bd3 Be7 10. O-O Bd7 11. a3 Rc8 12. Rc1 h6 13. Bh4 Qb6 14. Qd2 Na5 15.
Qe2 Nb3 16. Rc2 a6 17. Ne5 Rc7 18. Nxd7 Rxd7 19. Qd1 Qd6 20. Re2 Na5 21. Qa4
Qb6 22. Bxf6 gxf6 23. Qxd7 Nc6 24. Na4 Qb3 25. Bxa6 Qxa4 26. Bxb7 Qc4 27. Ree1
Na5 28. Qxe7 Nxb7 29. Qxb7 1-0

[Event "AN PASAN Sofia - ALCOR Bucuresti"]
[Site "Vonesta Voda"]
[Date "2016.12.29"]
[Round "6.1"]
[White "Stefan, Mihai"]
[Black "Kolev, Lachezar"]
[Result "1/2-1/2"]
[WhiteElo "1893"]
[BlackElo "1856"]
[PlyCount "106"]
[EventDate "2016.12.26"]
[EventType "schev"]
[EventRounds "6"]
[EventCountry "BUL"]

1. d4 Nf6 2. c4 e6 3. Nc3 Bb4 4. f3 O-O 5. a3 Bxc3+ 6. bxc3 d6 7. e4 c5 8. d5
Re8 9. Ne2 b6 10. Ng3 Ba6 11. Ra2 e5 12. Be2 Nbd7 13. Nf5 Nf8 14. Bg5 h6 15.
Bxh6 gxh6 16. Nxh6+ Kg7 17. Nf5+ Kg8 18. Qd2 N6h7 19. Qh6 Qf6 20. Qxf6 Nxf6 21.
Nxd6 Red8 22. Nf5 Ng6 23. g3 Kh7 24. Kf2 Rh8 25. Rd2 Rad8 26. Ne3 Ne8 27. Nf5
Nd6 28. Nxd6 Rxd6 29. Ke3 Kg7 30. Bd3 Rh3 31. Rf2 f6 32. Bf1 Rh5 33. Kd3 Kf7
34. Be2 Rh3 35. a4 Bc8 36. Ra1 a5 37. Rb1 Nf8 38. Bf1 Rh6 39. f4 Nd7 40. f5 Ke7
41. Ke3 Kd8 42. Kf3 Nf8 43. Bd3 Bd7 44. Bc2 Kc7 45. Bd1 Be8 46. Rfb2 Rh3 47.
Kg2 Rh6 48. h4 Rh8 49. Kh3 Nh7 50. Kg2 Nf8 51. Kf3 Nh7 52. g4 Rg8 53. Rg2 Rd7
1/2-1/2

[Event "AN PASAN Sofia - ALCOR Bucuresti"]
[Site "Vonesta Voda"]
[Date "2016.12.29"]
[Round "6.1"]
[White "Stepanencu, Nicodim-Cosmin"]
[Black "Hristov, Deyan"]
[Result "1-0"]
[WhiteElo "1688"]
[BlackElo "1495"]
[PlyCount "71"]
[EventDate "2016.12.26"]
[EventType "schev"]
[EventRounds "6"]
[EventCountry "BUL"]

1. e4 e5 2. Nf3 Nc6 3. Bc4 Nf6 4. d3 Bc5 5. Be3 Bb6 6. c3 O-O 7. Bb3 d5 8. exd5
Nxd5 9. Bxb6 axb6 10. O-O Bg4 11. Nbd2 Nf4 12. Bc2 f5 13. Nc4 Qf6 14. Ne3 Qg6
15. Nxg4 Qxg4 16. Ne1 Qg5 17. Qf3 Rf6 18. Kh1 Rh6 19. g3 Nh3 20. Qd5+ Kh8 21.
Nf3 Qh5 22. Bd1 f4 23. Ng1 Qf5 24. Nxh3 Rxh3 25. Qg2 Rh6 26. Be2 Rf8 27. Qe4
Qh3 28. Qg2 f3 29. Bxf3 Rxf3 30. Qxh3 Rxh3 31. Kg2 Rxd3 32. Kxh3 Rd2 33. Rab1
Na5 34. Rfd1 Rxd1 35. Rxd1 g6 36. Rd8+ 1-0

[Event "AN PASAN Sofia - ALCOR Bucuresti"]
[Site "Vonesta Voda"]
[Date "2016.12.29"]
[Round "6.1"]
[White "Ulian, Andrei-Octavian"]
[Black "Stoyanov, Georgi"]
[Result "1/2-1/2"]
[WhiteElo "1487"]
[BlackElo "1895"]
[PlyCount "99"]
[EventDate "2016.12.26"]
[EventType "schev"]
[EventRounds "6"]
[EventCountry "BUL"]

1. d4 Nf6 2. c4 e6 3. Nc3 c5 4. d5 exd5 5. cxd5 d6 6. e4 g6 7. f4 Bg7 8. Nf3
O-O 9. Be2 Re8 10. Nd2 a6 11. a4 Ng4 12. Bxg4 Qh4+ 13. g3 Qxg4 14. Qxg4 Bxg4
15. h3 Bf5 16. O-O Bxh3 17. Re1 Bf5 18. a5 Nd7 19. Re2 Bd4+ 20. Kg2 Bg4 21. Re1
Nf6 22. Ra3 Rad8 23. Ndb1 Bf5 24. Kf3 h5 25. Bd2 Bg4+ 26. Kg2 Rd7 27. Rb3 Kg7
28. Rb6 Rde7 29. Rxd6 Nxe4 30. Nxe4 Bf5 31. Nbc3 Bxe4+ 32. Rxe4 Rxe4 33. Nxe4
Rxe4 34. Bc3 Bxc3 35. bxc3 Rc4 36. Rb6 Rxc3 37. Rxb7 Rd3 38. Rb6 Rxd5 39. Rxa6
c4 40. Rc6 Rxa5 41. Rxc4 Ra3 42. Rc6 Re3 43. Kf2 Re6 44. Rc5 Kh6 45. Kf3 f5 46.
Rc7 Ra6 47. Rf7 h4 48. gxh4 Ra3+ 49. Kg2 Kh5 50. Rg7 1/2-1/2

[Event "AN PASAN Sofia - ALCOR Bucuresti"]
[Site "Vonesta Voda"]
[Date "2016.12.29"]
[Round "6.1"]
[White "Chivulescu, Adrian-Alexandru"]
[Black "Nanovski, Stiliyan"]
[Result "1-0"]
[WhiteElo "1750"]
[BlackElo "1781"]
[PlyCount "229"]
[EventDate "2016.12.26"]
[EventType "schev"]
[EventRounds "6"]
[EventCountry "BUL"]

1. d4 Nf6 2. Bg5 d5 3. Nf3 e6 4. e3 c5 5. c4 h6 6. Bh4 Nc6 7. Nc3 cxd4 8. exd4
Be7 9. Be2 O-O 10. O-O Re8 11. Bg3 dxc4 12. Bxc4 Bd7 13. Rc1 Rc8 14. Bb3 Na5
15. Ba4 Bb4 16. Bh4 Bxc3 17. bxc3 b5 18. Bc2 Nc4 19. Ne5 Nb6 20. Qd3 Nbd5 21.
Bb1 a6 22. Rfe1 Bc6 23. f3 Bb7 24. Bg3 Qa5 25. c4 Nb4 26. Qe2 Nc6 27. Nxc6 Bxc6
28. Be5 bxc4 29. Qxc4 Bb7 30. Qb3 Bd5 31. Qb2 Nd7 32. Bf4 Nb6 33. h3 Na4 34.
Qf2 Qb4 35. Bd3 a5 36. Bd2 Qa3 37. Qe3 Kh8 38. Bb5 Qxe3+ 39. Bxe3 Nb2 40. Bxe8
Rxe8 41. Rc3 Bxa2 42. Bc1 Rb8 43. Ra3 Bd5 44. Bxb2 Rxb2 45. Rxa5 Kh7 46. Rd1
Kg6 47. Raa1 Kf6 48. Rd3 Kg6 49. Rad1 Kf6 50. R1d2 Rb4 51. Kf2 Rb1 52. Rc3 Rb5
53. Kg3 Rb4 54. h4 Ra4 55. Kg4 Rb4 56. f4 Be4 57. Kg3 h5 58. Rc5 Bd5 59. Kf2
Rb3 60. Rc7 Rb4 61. Ra7 Rc4 62. Ra3 Rc7 63. Re3 g6 64. Ra3 Kf5 65. g3 Kf6 66.
Ke3 Rb7 67. Rc2 Bh1 68. Rc5 Bd5 69. Ra6 Rd7 70. Rc3 Rb7 71. Rc5 Rd7 72. Ra3 Rb7
73. Rac3 Rb8 74. Rc7 Kg7 75. Ra7 Rf8 76. Rcc7 Bh1 77. Kd3 Bg2 78. Kc4 Bd5+ 79.
Kc5 Bf3 80. Re7 Bg4 81. Rac7 Bf5 82. d5 exd5 83. Kxd5 Bg4 84. Kc5 Bf5 85. Kb6
Bh3 86. Ka7 Bg2 87. Rcd7 Bf3 88. Kb6 Bg4 89. Rc7 Bf3 90. Kc5 Bg4 91. Kb6 Bf3
92. f5 gxf5 93. Kc5 Bg4 94. Kd4 Bf3 95. Ke5 Bg4 96. Kf4 Kg6 97. Ra7 Bh3 98.
Ra6+ f6 99. Raa7 Rg8 100. Rec7 Bg4 101. Ke3 Bh3 102. Kd4 Bg4 103. Kc5 Bh3 104.
Rf7 Bg4 105. Kd6 Bd1 106. Ke7 Rg7 107. Rxg7+ Kxg7 108. Ra6 Bg4 109. Rxf6 Kh7
110. Kf7 Bh3 111. Rg6 Bg4 112. Kf6 Bh3 113. Rg5 Kh6 114. Rxf5 Bxf5 115. Kxf5
1-0

[Event "Christmas Festival AN PASAN&Friends"]
[Site "Vonesta voda"]
[Date "2016.12.26"]
[Round "1.1"]
[White "Terziev, Dimo"]
[Black "Cholakov, Nikolay"]
[Result "1/2-1/2"]
[WhiteElo "1865"]
[BlackElo "1887"]
[PlyCount "61"]
[EventDate "2016.12.26"]
[EventType "tourn"]
[EventRounds "5"]
[EventCountry "BUL"]

1. e4 d5 2. exd5 Qxd5 3. Nc3 Qa5 4. Bc4 Nf6 5. h3 Bf5 6. d3 c6 7. Nf3 Nbd7 8.
O-O e6 9. a3 Bd6 10. Bd2 Qc7 11. Re1 O-O 12. Ne4 $146 (12. Be3 Rfd8 13. Qe2
Rac8 14. Rad1 c5 15. Nb5 Qb6 16. d4 Be7 17. Rb1 a6 18. Nc3 Qc6 19. dxc5 Nxc5
20. Bxc5 Bxc5 21. Ne5 Qc7 22. Bb3 Bxa3 23. bxa3 Qxc3 24. Rbc1 Rd2 25. Qe3 Qxe3
26. fxe3 Be4 {Do,D (1746)-Nguyen,B (1716) Ho Chi Minh City 2014 1/2 (78)})
12... Bxe4 13. dxe4 Ne5 14. Nxe5 Bxe5 15. c3 b5 16. Bb3 Rad8 17. Qc2 (17. Qc1
Qd6 18. Bg5 h6 $11) 17... Bf4 (17... Rd7 18. Be3 $11) 18. Rad1 Bxd2 19. Rxd2
Rxd2 20. Qxd2 Rd8 21. Qe3 Rd7 22. Rd1 Rxd1+ 23. Bxd1 Nd7 24. Be2 a5 25. b4 h6
26. f4 e5 27. g3 axb4 28. cxb4 Qd6 29. Qd3 Qc7 30. Qe3 Qd6 31. Qd3 1/2-1/2

[Event "Christmas Festival AN PASAN&Friends"]
[Site "Vonesta voda"]
[Date "2016.12.26"]
[Round "1.2"]
[White "Todorov, Kaloyan"]
[Black "Stoyanov, Stoyan Orl"]
[Result "1/2-1/2"]
[WhiteElo "1972"]
[BlackElo "2024"]
[PlyCount "81"]
[EventDate "2016.12.26"]
[EventType "tourn"]
[EventRounds "5"]
[EventCountry "BUL"]

1. e4 c5 2. Nf3 d6 3. Bb5+ Nd7 4. O-O Ngf6 5. Qe2 a6 6. Bd3 $146 (6. Bxd7+ Bxd7
(6... Nxd7 7. b3 b6 (7... e5 8. c3 g6 9. Bb2 Bg7 10. Rd1 O-O 11. d4 Qe7 12.
dxc5 dxc5 13. c4 b6 14. Nc3 Bb7 15. Nd5 Bxd5 16. Rxd5 f5 17. exf5 Rxf5 18. Rad1
Ra7 19. Qd2 Nf8 20. Re1 Rd7 21. h3 h5 22. Rxd7 {
Le,Q (1457)-Koh,M (1785) Ho Chi Minh City 2016 1-0 (39)}) 8. Bb2 Nf6 9. c4 e5
10. Ne1 Be7 11. Nd3 O-O 12. f4 exf4 13. Nxf4 Ng4 14. Nd5 Be6 15. Nbc3 Bg5 16.
Nf4 Ne5 17. Ncd5 Bg4 18. Qf2 Bh4 19. Qe3 Nc6 20. h3 Bd7 21. Qc3 {
Kucera,P (2379)-Koscielski,J (2359) Dortmund 2000 0-1 (54)}) 7. c3 (7. d4 cxd4
8. Nxd4 e6 9. c4 Be7 10. f3 Rc8 11. Be3 Qc7 12. Rc1 h5 13. Nd2 O-O 14. b4 Rfd8
15. N2b3 Ba4 16. b5 Nd7 17. f4 Nf6 18. Bd2 g6 19. h3 e5 20. Nf3 axb5 21. cxb5
Qb6+ {Acosta,P (1987)-Barbosa,J (1946) Curitiba 2015 1-0 (51)}) 7... e6 8. Rd1
Bc6 9. d3 Be7 10. Bg5 O-O 11. Nbd2 h6 12. Bh4 Nh5 13. Bxe7 Qxe7 14. Qe3 f5 15.
exf5 Rxf5 16. g4 Rf4 17. gxh5 Raf8 18. Ne1 Qg5+ 19. Kf1 Qf5 20. f3 Qxh5 {
Tukaeva,A (1581)-Theodorou,N (2450) Paleochora 2016 0-1 (42)}) 6... b5 7. c4 b4
8. Bc2 e5 9. Nh4 (9. a3 $5 $14) 9... g6 10. d3 Bg7 11. Nd2 O-O 12. g3 Ne8 (
12... Nb8 13. Ndf3 $17) 13. Ng2 Nc7 14. Ne3 Ne6 15. Nb3 (15. Nf3 $5 $15) 15...
a5 $17 16. a4 Nb6 17. Nd5 Nxd5 (17... Bd7 18. Bd1 $17) 18. cxd5 $15 Nd4 19.
Nxd4 cxd4 20. Bd2 f5 21. f3 Qb6 22. Bb3 Bd7 (22... fxe4 23. Qxe4 Qd8 24. Kg2
$17) 23. Rac1 Rac8 24. Kg2 Qd8 25. Rxc8 Qxc8 26. Rc1 Qe8 27. Qd1 Qb8 28. Rc4
Rc8 29. Qc2 Rxc4 30. Qxc4 Qc8 $4 (30... Bf6 $142 $11) 31. Qxc8+ $18 Bxc8 32.
Bc4 (32. Bg5 Kf7 33. Bd8 $18) 32... Kf7 $11 33. Bb5 Bf6 34. Kf2 (34. h4 Bb7 $11
) 34... g5 35. Ke2 h5 36. Kf2 f4 37. Kg2 Bg7 (37... h4 38. Kf2 $15) 38. h4 (38.
gxf4 exf4 39. h4 Bf6 $11) 38... Bf6 39. Bc1 gxh4 (39... Ke7 40. Bd2 $15) 40.
gxf4 $11 h3+ (40... exf4 $5 41. Bxf4 Be5 42. Bxe5 dxe5 $11) 41. Kh2 $14 1/2-1/2

[Event "Christmas Festival AN PASAN&Friends"]
[Site "Vonesta voda"]
[Date "2016.12.26"]
[Round "1.3"]
[White "Georgiev, Todor"]
[Black "Raykov, Stefan"]
[Result "1-0"]
[WhiteElo "2335"]
[BlackElo "2206"]
[PlyCount "91"]
[EventDate "2016.12.26"]
[EventType "tourn"]
[EventRounds "5"]
[EventCountry "BUL"]

1. d4 d5 2. Bf4 Nf6 3. e3 c5 4. Nf3 Nc6 5. c3 Qb6 6. Qb3 c4 7. Qc2 Bf5 8. Qc1
e6 9. Nbd2 Be7 10. Nh4 Be4 (10... Bd3 11. Bxd3 cxd3 12. Nhf3 Ne4 13. O-O f6 14.
Nxe4 dxe4 15. Nd2 f5 16. f3 g5 17. Bg3 f4 18. exf4 Nxd4 19. cxd4 Qxd4+ 20. Kh1
e3 21. Nb3 Qb6 22. Qc3 O-O 23. Qxd3 gxf4 24. Be1 Bf6 25. Bc3 {
Cuvelier,A (1756)-Chartier,T (2199) Bruges 2016 1/2 (67)}) 11. Be2 $146 (11.
Nhf3 Bg6 12. Be2 (12. h3 Ne4 13. Nxe4 Bxe4 14. Nd2 Bg6 15. Be2 O-O 16. h4 h6
17. g4 Qd8 18. g5 hxg5 19. hxg5 Bxg5 20. Bxg5 Qxg5 21. Nf3 Qf6 22. Kd2 Rfd8 23.
Qg1 Kf8 24. Qg3 Ke7 25. Rag1 Qf5 26. Rc1 Qf6 {Nalbandian,T (2465)-Atalik,S
(2581) Cappelle-la-Grande 2003 EXT 2004 [Atalik,S] 1/2}) 12... O-O 13. Ne5 Nxe5
14. Bxe5 Qc6 15. O-O b5 16. Bf3 a5 17. Re1 b4 18. Qd1 bxc3 19. bxc3 Ba3 20.
Bxf6 gxf6 21. e4 Bb2 22. Qc2 Bxa1 23. Rxa1 a4 24. h4 h6 25. Rb1 Rab8 {
Braeuer,K (2102)-Korneev,O (2594) Frankfurt 2014 0-1 (41)}) (11. f3 Bd3 12.
Bxd3 cxd3 13. g3 Nd7 14. e4 g5 15. exd5 exd5 16. Nc4 dxc4 17. Bxg5 O-O-O 18.
Bxe7 Nxe7 19. O-O Ng6 20. Nf5 Qf6 21. Ne3 Nb6 22. b3 Rhe8 23. Nxc4 Nxc4 24.
bxc4 Re2 25. Qh6 Rde8 {Toth,J (2161)-Csirik,A (2194) Hungary 2008 0-1}) 11...
Nd7 (11... O-O 12. O-O $15) 12. Nhf3 $11 (12. Nxe4 $2 dxe4 13. g3 g5 14. Bxg5
Bxg5 $17) 12... Bg6 13. e4 dxe4 14. Nxc4 Qd8 15. Nfd2 Rc8 16. Qd1 Nf6 17. f3 b5
18. Ne5 Nxe5 19. Bxe5 (19. dxe5 $143 Nd5 20. Bxb5+ Kf8 $19) 19... O-O 20. Bxb5
e3 21. Nb3 Qd5 (21... Nh5 $5 22. O-O Bh4 $11) 22. Ba6 $16 Ng4 23. Bg3 Bd6 24.
Bxd6 (24. fxg4 Qxg2 25. Rf1 Bxg3+ 26. hxg3 Qxg3+ 27. Ke2 Rce8 $17 (27... Qxg4+
$6 28. Rf3 Qg2+ 29. Kxe3 $11)) 24... Qxd6 25. fxg4 (25. Bxc8 $143 Nf2 26. Qe2
Nxh1 $15) 25... Qxa6 26. Qe2 Qc6 (26... Bd3 27. Qxe3 Bc4 28. Kf2 $16) 27. O-O
Be4 28. Nc5 f5 (28... e5 $142 $5 $16) 29. Qxe3 $18 Bxg2 30. Qxe6+ Qxe6 31. Nxe6
Bxf1 32. Nxf8 (32. Rxf1 $6 Rfe8 33. gxf5 Kf7 $16) (32. Kxf1 Rf7 33. Rd1 fxg4+
34. Kg2 Rf5 $15) 32... Bh3 (32... Bb5 $142 $5 33. Ne6 fxg4 $18) 33. Nd7 $18
Bxg4 34. Re1 f4 (34... Kf7 35. d5 Rd8 36. Ne5+ Kf6 37. c4 $18) 35. Re7 a6 (
35... Bxd7 36. Rxd7 a6 37. h4 $18) 36. Kf2 (36. Ne5 $142 h5 37. d5 $18) 36...
Kh8 $4 (36... Bxd7 $142 37. Rxd7 g5 $18) 37. Ne5 Bh5 38. d5 Kg8 (38... Rb8 39.
b3 Rd8 40. c4 $18) 39. c4 (39. d6 $142 Rd8 40. Ra7 Be8 $18) 39... Rd8 40. Nd3
f3 (40... g5 41. Ne5 $18) 41. Nf4 Bg4 42. Ne6 Bxe6 43. Rxe6 (43. dxe6 $143 Kf8
44. Rf7+ Ke8 $18) 43... Kf7 (43... a5 44. Ra6 $18) 44. Rxa6 Rc8 45. b3 g6 (
45... g5 46. Kxf3 h5 47. Ke4 $18) 46. Kxf3 1-0

[Event "Christmas Festival AN PASAN&Friends"]
[Site "Vonesta voda"]
[Date "2016.12.27"]
[Round "2.1"]
[White "Cholakov, Nikolay"]
[Black "Raykov, Stefan"]
[Result "1/2-1/2"]
[WhiteElo "1887"]
[BlackElo "2206"]
[PlyCount "62"]
[EventDate "2016.12.26"]
[EventType "tourn"]
[EventRounds "5"]
[EventCountry "BUL"]

1. c4 c5 2. Nc3 Nc6 3. g3 g6 4. Bg2 Bg7 5. d3 b6 6. e3 Bb7 (6... Ba6 7. a3 e6
8. Nge2 Nge7 9. b4 Bb7 10. Rb1 Rb8 11. O-O O-O 12. d4 d6 13. Qd3 Nf5 14. b5 Na5
15. d5 Ne7 16. e4 exd5 17. cxd5 Qc7 18. Be3 Rbe8 19. g4 h6 20. g5 hxg5 21. Bxg5
{Gurevich,M (2607)-Felgaer,R (2539) Gibraltar 2008 1-0}) 7. Nge2 Nf6 (7... e6
8. d4 Nge7 9. dxc5 bxc5 10. Nb5 O-O 11. Nd6 Ba6 12. O-O Rb8 13. Rb1 Nf5 14.
Nxf5 gxf5 15. Bxc6 dxc6 16. Qc2 Qf6 17. b3 e5 18. Ba3 Rfd8 19. Bxc5 Rb7 20.
Rbd1 Rbd7 21. Rxd7 Rxd7 22. Rd1 {
Rakhmanov,A (2637)-Pavlovic,M (2481) Berlin 2015 1-0 (62)}) 8. O-O Qc8 $146 (
8... O-O 9. d4 cxd4 10. exd4 Na5 11. Bxb7 Nxb7 12. Nf4 Rc8 13. Qf3 Nd6 14. b3
Nf5 15. Rd1 Ne8 16. Nfe2 Nc7 17. Bb2 h5 18. Rd2 Ne6 19. Rad1 Ng5 20. Qg2 d6 21.
d5 a6 22. a4 Qd7 23. Ba1 {
Thiede,L (2468)-Von Herman,U (2365) Germany 2007 1-0 (37)}) 9. d4 cxd4 10. exd4
Na5 11. Bxb7 (11. b3 Bxg2 12. Kxg2 d5 13. cxd5 Qd7 $11) 11... Qxb7 $11 12. b3
d5 13. Qd3 (13. cxd5 $5 Nxd5 14. Nxd5 Qxd5 15. Ba3 $11) 13... dxc4 $17 14. bxc4
O-O 15. Rb1 Qa6 (15... e5 16. dxe5 Rfd8 17. Qc2 $15) 16. Nb5 $15 Rac8 17. Rb4 (
17. Bf4 $5 $15) 17... Rfd8 $17 18. Bf4 (18. Rd1 $5 $17) 18... e5 $1 19. Bxe5 (
19. dxe5 Nc6 (19... Rxd3)) (19. Bxe5 Nc6) 19... Nc6 20. Qf3 Nxb4 21. Bxf6 Rd7 (
21... Bxf6 $142 $5 22. Qxf6 Nd5 (22... Qxa2 $6 23. Nf4 $11) 23. cxd5 Qxb5 $17)
22. Bxg7 $11 Kxg7 23. Qg4 Qb7 24. Nf4 Kh8 (24... Nxa2 25. Nh5+ Kh8 26. Nf6 $18)
(24... Rxc4 $143 25. Nh5+ Kf8 26. Nf6 $16) 25. Qg5 a6 (25... Qe4 $5 26. Qf6+
Kg8 $11) 26. Qe5+ (26. Nd6 Rxd6 27. Qe5+ Kg8 28. Qxd6 a5 $16) 26... Kg8 27. Nd6
Nc6 28. Qf6 Rxd6 29. Qxd6 Qe7 30. Qxe7 Nxe7 31. Rc1 Nf5 1/2-1/2

[Event "Christmas Festival AN PASAN&Friends"]
[Site "Vonesta voda"]
[Date "2016.12.27"]
[Round "2.2"]
[White "Stoyanov, Stoyan Orl"]
[Black "Georgiev, Todor"]
[Result "0-1"]
[WhiteElo "2024"]
[BlackElo "2335"]
[PlyCount "76"]
[EventDate "2016.12.26"]
[EventType "tourn"]
[EventRounds "5"]
[EventCountry "BUL"]

1. d4 Nf6 2. c4 g6 3. Nc3 Bg7 4. e4 d6 5. Nf3 O-O 6. Be2 c6 7. O-O a6 8. Bg5 h6
9. Bh4 (9. Be3 b5 (9... Nbd7 10. h3 b5 11. e5 Ne8 12. Bf4 Bb7 13. Qd3 dxe5 14.
dxe5 Nb6 15. b3 Qxd3 16. Bxd3 Nc7 17. Ne4 Ne6 18. Bg3 c5 19. Ned2 Rfd8 20. Be4
Bxe4 21. Nxe4 Rd3 22. Rfd1 Rad8 23. Rxd3 Rxd3 24. Rc1 {
Nogues Fernandez,R (1903)-Segovia Sanchez,A (2004) San Sebastian 2012 0-1 (35)}
) 10. a3 Kh7 11. h3 bxc4 12. Bxc4 d5 13. exd5 Nxd5 14. Nxd5 cxd5 15. Bd3 Nc6
16. Rc1 Qb6 17. b4 Bd7 18. Rc5 e6 19. Qd2 Rfc8 20. Rfc1 Bf8 21. R5c3 Be8 22. h4
Na7 23. Rxc8 Rxc8 {Smirin,I (2535)-Tseshkovsky,V (2490) Podolsk 1990 1-0 (40)})
9... g5 10. Nxg5 $146 (10. Bg3 b5 (10... Nh5 11. h4 (11. Qd2 Nxg3 12. hxg3 b5
13. a3 Qb6 14. Rfd1 Nd7 15. b4 bxc4 16. Bxc4 Bb7 17. Rab1 Rac8 18. Ne2 Qd8 19.
Qd3 Ra8 20. e5 e6 21. exd6 Nf6 22. Nc3 Qxd6 23. Na4 a5 24. Nc5 Bc8 25. Bb3 axb4
{Degerman,L (2485)-Johansson,M (2310) Borlange 1995 1/2 (80)}) 11... Nxg3 12.
fxg3 g4 13. Nh2 Qb6 14. Bxg4 Qxd4+ 15. Kh1 Qxd1 16. Raxd1 Nd7 17. Bxd7 Bxd7 18.
c5 Be5 19. cxd6 exd6 20. Ne2 Be6 21. b3 a5 22. Nf4 a4 23. Nxe6 fxe6 24. Ng4
Rxf1+ 25. Rxf1 {Culle,S (1996)-Kizov,A (2415) Agrigento 2009 0-1}) 11. Nd2 Nfd7
12. d5 b4 13. Na4 Ne5 14. h4 c5 15. hxg5 hxg5 16. Bxe5 Bxe5 17. Nf3 Bf6 18. Qd2
Bd7 19. Bd1 e6 20. e5 dxe5 21. Nxc5 exd5 22. cxd5 g4 23. Nh2 g3 24. fxg3 Qb6 {
Spielmann,A (2247)-Howell,D (2501) France 2007 1/2 (75)}) 10... hxg5 11. Bxg5
Nh7 12. Be3 e5 13. d5 c5 14. Qd2 Qe7 (14... f5 15. f4 $15) 15. Bf3 Nd7 16. h3 (
16. Qe2 Nb6 $15) 16... Kh8 17. Kh2 (17. b3 $5 $15) 17... b5 $17 18. cxb5 axb5
19. Nxb5 Nb6 (19... f5 20. exf5 e4 21. Be2 Rxf5 22. Kg1 $17) 20. Rfc1 (20. Be2
f5 21. f3 Bd7 $17) 20... f5 $17 21. Nxd6 Qxd6 22. Bxc5 Qd8 23. Bxf8 Bxf8 24.
exf5 Bxf5 25. Rc6 Bg7 26. g4 $2 (26. Kg1 $142 $5 $15) 26... Bd7 $19 27. Rc2 (
27. Qe3 Bxc6 28. dxc6 Ng5 $19) 27... Qf6 (27... Ra4 28. Bg2 Rd4 29. Qa5 $19)
28. Qe3 (28. Bg2 $142 Ra4 29. Kg1 $19) 28... e4 29. Bg2 Ng5 (29... Nxd5 $6 30.
Qxe4 Nb6 31. Kg1 $17) 30. d6 $2 (30. Rd1 $19) 30... Nd5 31. Qg3 (31. Qb3 Qxd6+
32. Kg1 Nf4 $19) 31... Bf8 32. Kg1 Bxd6 33. Qb3 Nf4 34. h4 (34. Rd1 Nd3 35.
Rxd3 exd3 36. Qc3 Qxc3 37. Rxc3 $19 (37. bxc3 $143 dxc2 38. Bd5 Nxh3+ 39. Kg2
c1=Q 40. Kf3 Qd1+ 41. Ke4 Qe2+ 42. Kd4 Be5+ 43. Kc5 Qb5#)) 34... Nf3+ $1 35.
Bxf3 exf3 36. Qxf3 (36. Qc3 Ne2+ 37. Rxe2 Qxc3 38. Re8+ Rxe8 39. bxc3 Re4 40.
Kh1 Rxg4 41. Rd1 Rxh4+ 42. Kg1 Bh2+ 43. Kh1 Be5+ 44. Kg1 Bh3 45. a3 Kg7 46. a4
Bg2 47. Rd7+ Kh6 48. Rd6+ Bxd6 49. c4 Bh2#) 36... Rf8 37. g5 (37. Rd1 Bxg4 $1
38. Rxd6 Qxd6 39. Qc3+ Kg8 40. b4 Nh3+ 41. Kg2 $19) 37... Qf5 38. Kh1 Qxc2 (
38... Qxc2 39. g6 Bc6 40. g7+ Kh7 41. gxf8=N+ Kh6 42. Qg2 Bxg2+ 43. Kg1 Nh3+
44. Kxg2 Qxf2+ 45. Kxh3 Qf3#) 0-1

[Event "Christmas Festival AN PASAN&Friends"]
[Site "Vonesta voda"]
[Date "2016.12.27"]
[Round "2.3"]
[White "Terziev, Dimo"]
[Black "Todorov, Kaloyan"]
[Result "0-1"]
[WhiteElo "1865"]
[BlackElo "1972"]
[PlyCount "132"]
[EventDate "2016.12.26"]
[EventType "tourn"]
[EventRounds "5"]
[EventCountry "BUL"]

1. e4 e5 2. Nf3 Nc6 3. Bc4 Bc5 4. d3 Nf6 5. O-O O-O 6. h3 d5 7. exd5 Nxd5 8.
Re1 f6 (8... Be6 9. Nbd2 f6 10. Nb3 Bb6 11. d4 Bf7 12. dxe5 Nxe5 13. Nxe5 fxe5
14. Bxd5 Bxd5 15. Be3 c6 16. Qe2 Qh4 17. Nd2 Rf6 18. Qg4 Qxg4 19. hxg4 Ba5 20.
a3 Bxd2 21. Bxd2 e4 22. Be3 a5 23. a4 {
Van Foreest,J (2578)-Bachmann,A (2642) Teplice 2016 1/2 (39)}) 9. Nc3 $146 (9.
c3 Kh8 10. Nbd2 a6 11. Nb3 Ba7 12. d4 b5 13. Bf1 Re8 14. a4 bxa4 15. Rxa4 e4
16. Nh2 f5 17. Bxa6 f4 18. Bxc8 Qxc8 19. Qg4 Qb7 20. Ra3 e3 21. Qf3 exf2+ 22.
Qxf2 Rxe1+ 23. Qxe1 Rf8 {Vevera,R (2077)-Bargel,M (2101) Rakovnik 2014 1-0})
9... Nce7 (9... Be6 10. Na4 Qd6 11. c3 $14) 10. Be3 (10. d4 $142 $5 exd4 11.
Nxd4 $16) 10... Bxe3 $11 11. fxe3 Kh8 12. Nxd5 Nxd5 13. Qd2 c6 14. Rf1 Bd7 15.
Rf2 (15. Qf2 Qe7 $11) 15... Qb6 $15 16. Bxd5 cxd5 17. c3 Bc6 18. Raf1 Rfe8 {
><åðíûå ãîòîâÿò õîä e4} 19. g4 Rad8 20. d4 Bb5 21. Re1 e4 22. Nh4 g6 23. Ng2
Qd6 (23... g5 $5 $17) 24. Nf4 $15 Rf8 25. Kg2 Qe7 26. Rg1 Rd6 (26... f5 27. g5
Qxg5+ 28. Kh1 $15) 27. Kh2 Qc7 28. Kh1 Qg7 29. Rfg2 (29. h4 Bd7 $14) 29... Qh6
$11 30. g5 fxg5 31. Rxg5 Rxf4 32. exf4 Qxh3+ 33. Qh2 Qf3+ 34. Qg2 Qxf4 35. Qg3
Qxg3 36. R5xg3 (36. R1xg3 Kg7 $11) 36... Kg7 (36... Bd7 37. Rc1 $17) 37. Kg2 (
37. Rg5 $5 $11) 37... h6 $17 38. Kf2 g5 39. Ke3 Kg6 40. b3 Bd3 41. R1g2 (41.
R3g2 $17) 41... Ra6 (41... Rc6 42. c4 dxc4 43. Rh2 $19) 42. a4 (42. Rf2 $5 $15)
42... Rc6 43. Kd2 $2 (43. c4 $142 $5 dxc4 44. bxc4 Rxc4 45. d5 $17) 43... Rb6
$19 44. b4 (44. c4 dxc4 45. bxc4 Bxc4 $19) 44... Bc4 (44... Ra6 45. Rf2 Rxa4
46. Rf8 Ra2+ 47. Ke1 $19) 45. Rf2 (45. Rh2 h5 46. Rf2 Rf6 47. Rxf6+ Kxf6 $19)
45... Ra6 $19 46. a5 $2 (46. Rf8 $142 Rxa4 47. Re8 $19) 46... Rf6 47. Rxf6+
Kxf6 48. Ke3 $2 (48. Rg2 Kg6 49. Rf2 $19) 48... h5 49. Rg2 b6 50. Rf2+ (50.
axb6 axb6 51. b5 h4 $19) 50... Kg6 51. Rf8 $4 (51. axb6 axb6 52. Rf8 $19) 51...
bxa5 52. bxa5 a6 53. Kf2 (53. Rb8 $19) 53... h4 54. Kg2 Kh5 55. Kh3 (55. Kf2
Kg4 56. Re8 $19) 55... g4+ 56. Kg2 e3 57. Rf5+ Kg6 58. Re5 e2 59. Kh2 Kf6 60.
Kg2 Bd3 61. Re3 Kf5 62. Kf2 Bc4 63. Re8 Kg5 (63... g3+ $142 64. Kf3 Bd3 $19)
64. Re5+ Kf4 65. Re8 g3+ 66. Kg2 Bd3 0-1